Бременские музыканты в стиле Рембрандта (Запись № 12549269)

Подробности
000 -МАРКЕР
контрольное поле 01980nam0a2200433 4500
001 - ИДЕНТИФИКАТОР ЗАПИСИ
контрольное поле RU\NLR\BIBL_A\012590057
005 - ИДЕНТИФИКАТОР ВЕРСИИ
контрольное поле 20230209154538.0
010 ## - МЕЖДУНАРОДНЫЙ СТАНДАРТНЫЙ НОМЕР КНИГИ (ISBN)
Номер (ISBN) 978-5-907399-28-0
Тираж 1000
021 ## - НОМЕР ГОСУДАРСТВЕННОЙ РЕГИСТРАЦИИ
Код страны Российская Федерация
Номер КН-П-21-029448
Номер Листа государственной регистраци КН-П-21-2284
035 ## - ДРУГИЕ СИСТЕМНЫЕ НОМЕРА
Идентификатор записи (NLR Aleph) 012590057
100 ## - ДАННЫЕ ОБЩЕЙ ОБРАБОТКИ
Данные общей обработки 20210902d2021 u y0rusy50 ca
101 0# - ЯЗЫК РЕСУРСА
Язык текста, звукозаписи и т.д. русский
102 ## - СТРАНА ПУБЛИКАЦИИ ИЛИ ПРОИЗВОДСТВА
Страна публикации Российская Федерация
105 ## - ПОЛЕ КОДИРОВАННЫХ ДАННЫХ: ТЕКСТОВЫЕ МАТЕРИАЛЫ, МОНОГРАФИЧЕСКИЕ
Кодированные данные о монографическом текстовом документе a z 000ay
181 #0 - ПОЛЕ КОДИРОВАННЫХ ДАННЫХ: ВИД СОДЕРЖАНИЯ
Код вида содержания (ISBD) i2
Код характеристики содержания (ISBD) axxe
181 #0 - ПОЛЕ КОДИРОВАННЫХ ДАННЫХ: ВИД СОДЕРЖАНИЯ
Код вида содержания (ISBD) b2
Код характеристики содержания (ISBD) xb2e
182 #0 - ПОЛЕ КОДИРОВАННЫХ ДАННЫХ: ТИП СРЕДСТВА
Код типа средства (ISBD) n - непосредственное
200 1# - ЗАГЛАВИЕ И СВЕДЕНИЯ ОБ ОТВЕТСТВЕННОСТИ
Основное заглавие Бременские музыканты в стиле Рембрандта
Первые сведения об ответственности [текст: Антон Позднышев
Последующие сведения об ответственности иллюстратор: Сергей Букур
-- автор идеи: Евгения Ханоянц]
203 ## - ВИД СОДЕРЖАНИЯ И ТИП СРЕДСТВА
Вид содержания Текст
Дополнительные сведения об издании визуальный
Тип средства непосредственный
210 ## - ПУБЛИКАЦИЯ, РАСПРОСТРАНЕНИЕ И ДР.
Место издания, распространения и т.д. Москва
Имя издателя, распространителя и т. д. Voicebook
-- Войс Групп Медиа
Дата издания, распространения и т.д. 2021
215 ## - ФИЗИЧЕСКАЯ ХАРАКТЕРИСТИКА
Специфическое обозначение материала и объем [14] с.
Другие сведения о физической характеристике цв. ил.
Размеры 15х15
225 1# - СЕРИЯ
Основное заглавие серии Серия "Сказки в стиле великих художников"
300 ## - ОБЩИЕ ПРИМЕЧАНИЯ
Текст примечания Авт. указан на концевой тит. с.
300 ## - ОБЩИЕ ПРИМЕЧАНИЯ
Текст примечания В конце кн. QR-код ссылки на доп. информ. о худож. Рембрандте
600 #1 - ИМЯ ЛИЦА КАК ПРЕДМЕТ
Начальный элемент ввода Рембрандт
Часть имени, кроме начального элемента ввода Х. ван Р.
Даты 1606 - 1669
Расширение инициалов личного имени Харменс ван Рейн
Формальный подзаголовок Издания для детей
Системный номер авторитетной/нормативной записи 1278560
Идентификатор авторитетной/нормативной записи RU\NLR\AUTH\66527121
686 0# - ИНДЕКСЫ ДРУГИХ КЛАССИФИКАЦИЙ
Индекс Ш9
Книжный номер Щ
686 0# - ИНДЕКСЫ ДРУГИХ КЛАССИФИКАЦИЙ
Индекс Ш9(4Г)60-4
700 #1 - ИМЯ ЛИЦА - ПЕРВИЧНАЯ ОТВЕТСТВЕННОСТЬ
Начальный элемент ввода Позднышев
Часть имени, кроме начального элемента ввода А.
Расширение инициалов личного имени Антон
702 #1 - ИМЯ ЛИЦА - ВТОРИЧНАЯ ОТВЕТСТВЕННОСТЬ
Начальный элемент ввода Букур
Часть имени, кроме начального элемента ввода С.
Расширение инициалов личного имени Сергей
Код отношения Иллюстратор
702 #1 - ИМЯ ЛИЦА - ВТОРИЧНАЯ ОТВЕТСТВЕННОСТЬ
Начальный элемент ввода Ханоянц
Часть имени, кроме начального элемента ввода Е.
Расширение инициалов личного имени Евгения
Код отношения Автор идеи, слогана
702 #1 - ИМЯ ЛИЦА - ВТОРИЧНАЯ ОТВЕТСТВЕННОСТЬ
Код отношения Прочие
Графика поля Кириллица
Материалы, к которым относится поле rus
Начальный элемент ввода Рембрандт
Часть имени, кроме начального элемента ввода Х. ван Р.
Даты 1606-1669
Расширение инициалов личного имени Харменс ван Рейн
Системный номер авторитетной/нормативной записи 118164
Идентификатор авторитетной/нормативной записи RU\NLR\AUTH\778252
942 ## - ДОПОЛНИТЕЛЬНЫЕ ЭЛЕМЕНТЫ ЗАПИСИ (АБИС)
Тип экземпляра АБИС Книга
980 ## - КОЛЛЕКЦИЯ
Название коллекции Национальная библиография
Экземпляры
Тип экземпляра Дата поступления Источник поступления Библиотека постоянного хранения Библиотека текущего хранения Место хранения Шифр хранения Штрих-код Статус экземпляра
Книга 02.09.2021 Обязательный экземпляр РНБ (Московский) РНБ (Московский) Русский книжный фонд: издания с 1957 года 2021-1/307 1-3521095  
Книга 02.09.2021 Обязательный экземпляр РНБ (Московский) РНБ (Московский) Обменный фонд   1-3521096